000 00420nam a2200169Ia 4500
008 221030s9999 xx 000 0 und d
020 _a8178083000
041 _aEnglish
082 _a105.23
_bHay
100 _aS. Haykin
245 0 _aNeural Networks - A Comprehensive Foundation
_cby S. Haykin
250 _a2nd
260 _bPearson Education
_aDelhi
_c2005
300 _a823
650 _aComputers
942 _cBK
999 _c1620
_d1620